000 00963nac a22002651i 4500
003 EG-ScBUE
005 20250731113104.0
008 250731s1960 nyua f 001 0 eng d
040 _aEG-ScBUE
_beng
_erda
_cEG-ScBUE
_dEG-ScBUE
082 0 4 _a539.76
_bGAL
_222
100 1 _aGalanin, A. D.,
_eauthor.
245 1 0 _aThermal reactor theory /
_cby A. D. Galanin ; translated from the Russian by J.B. Sykes.
250 _aSecond revised and authorised edition.
264 1 _aNew York :
_bPergamon Press,
_c1960.
300 _axiv, 412 pages :
_billustrations,
_c22 cm.
336 _2rdacontent
_atext
_btxt
337 _aunmediated
_2rdamedia
_bn
338 _avolume
_bnc
_2rdacarrier
490 1 _aInternational series of monographs on nuclear energy. Division 10: Reactor design physics,
_vv. 3
500 _aIncludes index.
500 _aIncludes Appendices.
650 7 _aNuclear reactors.
_2BUEsh
655 _vReading book
942 _cBB
_2ddc
999 _c1685
_d1685